Έλληνα μου

Αποθηκεύτηκε σε:
Λεπτομέρειες βιβλιογραφικής εγγραφής
Κύριος συγγραφέας: Κρόκος, Γιώργης Ιακ., 1916-1997
Μορφή: Βιβλίο
Γλώσσα:Greek
Δημοσίευση: Αθήνα : [χ.ό.],
Θέματα:
Ετικέτες: Προσθήκη ετικέτας
Δεν υπάρχουν, Καταχωρήστε ετικέτα πρώτοι!

MARC

LEADER 00000cam a2200000 i 4500
001 1/37724
008 131029s1980 gre d
035 |l 10115888 
040 |a GR-MY-UA  |b gre  |e aacr 
041 0 |a gre 
082 0 |a 889.19  |2 (22) 
100 1 |a Κρόκος, Γιώργης Ιακ.,   |d 1916-1997. 
245 1 0 |a Έλληνα μου /  |c Γιώργη Κρόκου 
260 |a Αθήνα :   |b [χ.ό.],  
300 |c 29 εκ. 
650 0 0 |a Greek poetry. 
852 |a INST  |b CHIOS  |e 20131029  |h 889.19 ΚΡΟ  |p 005200037152  |q 005200037152  |t BK  |y 0 
901 |a BIBL2-2013-3 
909 |a Χ  |b 179881 
970 |a ΣΠΕΝΤΖΑ  |b ΕΛΕΝΗ  |z 2013/10/29